Cours de mathematiques superieures

Αποθηκεύτηκε σε:
Λεπτομέρειες βιβλιογραφικής εγγραφής
Κύριος συγγραφέας: Smirnov, V. I. (Vladimir Ivanovich), 1887-1974
Μορφή: Βιβλίο
Γλώσσα:French
Δημοσίευση: Moscou : Mir, 1972
Έκδοση:2e ed.
Σειρά:Traduit du Russe
Θέματα:
Ετικέτες: Προσθήκη ετικέτας
Δεν υπάρχουν, Καταχωρήστε ετικέτα πρώτοι!

MARC

LEADER 00000cam a2200000 i 4500
001 1/8205
008 100608s1972 fre d
035 |l 10108166 
040 |a GR-MY-UA  |b gre  |e aacr 
041 0 |a fre 
082 0 |a 515  |2 (22) 
100 1 |a Smirnov, V. I.   |q (Vladimir Ivanovich),   |d 1887-1974. 
245 1 0 |a Cours de mathematiques superieures /  |c V. Smirnov 
250 |a 2e ed. 
260 |a Moscou :   |b Mir,   |c 1972 
300 |a 484 σ.;  |b εικ.;  |c 22 εκ. 
490 1 |a Traduit du Russe 
504 |a Περιέχει ευρετήριο 
650 0 0 |a Mathematical analysis. 
830 0 |a Traduit du Russe 
852 |a INST  |b SAMOS  |c MAG  |e 20100608  |h 515 SMI  |p 005300031781  |q 005300031781  |t BK  |v τ.1:  |y 0  |z τ.1 
853 |a INST  |b SAMOS  |c MAG  |h 515 SMI 
901 |a BIBL3-2010-2 
909 |a Σ  |b 162420 
970 |a ΣΙΤΖΙΜΗ  |b ΓΙΑΣΕΜΗ  |z 2010/06/08